Αρχιπέλαγος
Αποθηκεύτηκε σε:
| Συλλογικό Έργο: | , , , |
|---|---|
| Μορφή: | Βίντεο VHS |
| Γλώσσα: | Greek |
| Δημοσίευση: |
[Αθήνα] :
Ελληνικός Οργανισμός Τουρισμού,
1992-1994
|
| Θέματα: | |
| Ετικέτες: |
Προσθήκη ετικέτας
Δεν υπάρχουν, Καταχωρήστε ετικέτα πρώτοι!
|
MARC
| LEADER | 00000cgm a2200000 i 4500 | ||
|---|---|---|---|
| 001 | 1/74149 | ||
| 007 | vf cbuho | ||
| 008 | 050322s19921994gr ||| gre | ||
| 035 | |l 10077296 | ||
| 040 | |a GR-MY-UA |b gre |e aacr | ||
| 041 | 0 | |a gre | |
| 082 | 0 | |a 338.4791 |2 (21) | |
| 110 | 2 | |a Ελληνικός Οργανισμός Τουρισμού. | |
| 245 | 1 | 0 | |a Αρχιπέλαγος |h [μαγνητοσκόπηση] / |c ΕΟΤ; CEDEFOP; παραγωγή, M.D.M. Σύμβουλοι Διοίκησης Επιχειρήσεων ΕΠΕ, ΝΟΟΤΡΟΠΙΑ Ε.Π.Ε. |
| 260 | |a [Αθήνα] : |b Ελληνικός Οργανισμός Τουρισμού, |c 1992-1994 | ||
| 300 | |a 8 βιντεοκασέτες (π.90 λεπτ. κάθε μια); |b ομιλ.,έγχρ.; |c 1/2 ίν. | ||
| 500 | |a Διακρατικό Εκπαιδευτικό Πρόγραμμα Αρχιπέλαγος | ||
| 500 | |a Κασ. Α: SV-1 Πολιτιστικός τουρισμός, πολιτιστικές εκδηλώσεις -κασ. Β: SV-1,2 Τουριστικό marketing, μικρομεσαίες ξενοδοχειακές επιχειρήσεις, τουριστικά πρακτορεία -κασ. Γ: SV-1 Οργάνωση τουριστικών πακέτων, το τουριστικό πακέτο, τουριστικά πακέτα επαγγελματικού τουρισμού (Συνεδριακός τουρισμός) -κασ. 3: Α.02 [SV-6] Το τουριστικό προϊόν, επιπτώσεις του τουριστικού προϊόντος στο περιβάλλον, Β.01.05 [SV-1] Διακίνηση κα έλεγχος προϊόντων, συντήρησ, ασφάλεια και υγιεινή- κασ. 4: SV-1 Υποδοχή, SV-2 Τμήμα ορόφων (Housekeeping), SV-3 Τραπεζαρία πρωϊνού- κασ.5: SV-1 Αίθουσα εστιατορίου, SV-2 Κουζίνα εστιατορίου, SV-3 Το μπαρ του ξενοδοχείου- κασ. 6: SV-1 Αποφασίζω να φύγω διακοπές, SV-2 Λειτουργίες τουριστικού γραφείου, SV-3 ο tour operator- κασ. 7: SV-1 Σχέσεις με πελάτες, SV-2 Σχέσεις με τη διοίκηση, SV-1 Υποκίνηση | ||
| 505 | 0 | |a Κασ. Α: Πολιτιστικός τουρισμός, πολιτιστικές εκδηλώσεις- κασ. Β:Τουριστικό Marketing, μικρομεσαίες ξενοδοχειακές επιχειρήσεις, τουριστικά πρακτορεία- κασ.Γ: Οργάνωση τουριστικών πακέτων, το τουριστικό πακέτο, τουριστικά πακέτα επαγγελματικού τουρισμού- κασ. 3: To τουριστικό προϊόν, επιπτώσεις του τουριστικού προϊόντος στο περιβάλλον, διακίνηση, συντήρηση, ασφάλεια, υγιεινή- κασ. 4: Οργάνωση και διοίκηση μικρομεσαίων τουριστικών επιχειρήσεων, το ξενοδοχείο- κασ. 5: Οργάνωση διοίκηση μικρομεσαίων τουριστικών επιχειρήσεων, το εστιατόρειο- κασ. 6: Οργάνωση και διοίκηση μικρομεσαίων τουριστικών επιχειρήσεων, το τουριστικό γραφείο- κασ. 7: Ανθρώπινες σχέσεις, υποκίνηση τουριστικών επιχειρήσεων, το εστιατόριο-κασ. 6: Οργάνωση και διοίκηση μικρομεσαίων τουριστικών επιχειρήσεων, το τουριστικό γραφείο-κασ. 7: Ανθρώπινες σχέσεις, υποκίνηση | |
| 650 | 0 | 0 | |a Tourism. |
| 650 | 0 | 0 | |a Tourism |x Marketing. |
| 650 | 0 | 0 | |a Tourism |z Greece |x Environmental aspects. |
| 650 | 0 | 0 | |a Heritage tourism |z Greece. |
| 710 | 2 | |a European Centre for the Development of Vocational Training. | |
| 710 | 0 | |a M.D.M Σύμβουλοι Διοίκησης Επιχειρήσεων. | |
| 710 | 0 | |a ΝΟΟΤΡΟΠΙΑ Ε.Π.Ε. | |
| 740 | 0 | 2 | |a Πολιτιστικός τουρισμός |
| 740 | 0 | 2 | |a Τουριστικό marketing |
| 740 | 0 | 2 | |a Οργάνωση τουριστικών πακέτων |
| 740 | 0 | 2 | |a Το τουριστικό προϊόν |
| 740 | 0 | 2 | |a Οργάνωση και διοίκηση μικρομεσαίων τουριστικών επιχειρήσεων |
| 740 | 0 | 2 | |a Οργάνωση διοίκηση μικρομεσαίων τουριστικών επιχειρήσεων |
| 740 | 0 | 2 | |a Οργάνωση και διοίκηση μικρομεσαίων τουριστικών επιχειρήσεων |
| 740 | 0 | 2 | |a Ανθρώπινες σχέσεις |
| 852 | |a INST |b CHIOS |c AV |e 20050322 |h 338.4791 ΕΛΛ |p 005200025485 |q 005200025485 |t VC |y 23 |z βιντεοκασέτα.2 | ||
| 852 | |a INST |b CHIOS |c AV |e 20050324 |h 338.4791 ΕΛΛ |p 005200025486 |q 005200025486 |t VC |y 23 |z βιντεοκασέτα.3 | ||
| 852 | |a INST |b CHIOS |c AV |e 20050324 |h 338.4791 ΕΛΛ |p 005200025487 |q 005200025487 |t VC |y 23 |z βιντεοκασέτα.4 | ||
| 852 | |a INST |b CHIOS |c AV |e 20050324 |h 338.4791 ΕΛΛ |p 005200025488 |q 005200025488 |t VC |y 23 |z βιντεοκασέτα.5 | ||
| 852 | |a INST |b CHIOS |c AV |e 20050324 |h 338.4791 ΕΛΛ |p 005200025489 |q 005200025489 |t VC |y 23 |z βιντεοκασέτα.6 | ||
| 852 | |a INST |b CHIOS |c AV |e 20050324 |h 338.4791 ΕΛΛ |p 005200025495 |q 005200025495 |t VC |y 23 |z βιντεοκασέτα.1 | ||
| 852 | |a INST |b CHIOS |c AV |e 20050323 |h 338.4791 ΕΛΛ |p 005200025496 |q 005200025496 |t VC |y 23 |z βιντεοκασέτα.3 | ||
| 852 | |a INST |b CHIOS |c AV |e 20050324 |h 338.4791 ΕΛΛ |p 005200025497 |q 005200025497 |t VC |y 23 |z βιντεοκασέτα.7 | ||
| 852 | |a INST |b CHIOS |c AV |e 20050322 |h 338.4791 ΕΛΛ |p 005200025485 |q 005200025485 |t VC |v βιντεοκασ΄ετα.2: |y 23 |z βιντεοκασέτα.2 | ||
| 852 | |a INST |b CHIOS |c AV |e 20050324 |h 338.4791 ΕΛΛ |p 005200025486 |q 005200025486 |t VC |v βιντεοκασ΄ετα.3: |y 23 |z βιντεοκασέτα.3 | ||
| 852 | |a INST |b CHIOS |c AV |e 20050324 |h 338.4791 ΕΛΛ |p 005200025487 |q 005200025487 |t VC |v βιντεοκασ΄ετα.4: |y 23 |z βιντεοκασέτα.4 | ||
| 852 | |a INST |b CHIOS |c AV |e 20050324 |h 338.4791 ΕΛΛ |p 005200025488 |q 005200025488 |t VC |v βιντεοκασ΄ετα.5: |y 23 |z βιντεοκασέτα.5 | ||
| 852 | |a INST |b CHIOS |c AV |e 20050324 |h 338.4791 ΕΛΛ |p 005200025489 |q 005200025489 |t VC |v βιντεοκασ΄ετα.6: |y 23 |z βιντεοκασέτα.6 | ||
| 852 | |a INST |b CHIOS |c AV |e 20050324 |h 338.4791 ΕΛΛ |p 005200025495 |q 005200025495 |t VC |v βιντεοκασ΄ετα.1: |y 23 |z βιντεοκασέτα.1 | ||
| 852 | |a INST |b CHIOS |c AV |e 20050323 |h 338.4791 ΕΛΛ |p 005200025496 |q 005200025496 |t VC |v βιντεοκασ΄ετα.3: |y 23 |z βιντεοκασέτα.3 | ||
| 852 | |a INST |b CHIOS |c AV |e 20050324 |h 338.4791 ΕΛΛ |p 005200025497 |q 005200025497 |t VC |v βιντεοκασ΄ετα.7: |y 23 |z βιντεοκασέτα.7 | ||
| 853 | |a INST |b CHIOS |c AV |h 338.4791 ΕΛΛ | ||
| 901 | |a BIBL2-2004-3 | ||
| 909 | |a Χ |b 118884 | ||
| 909 | |a Χ |b 188885 | ||
| 909 | |a Χ |b 118886 | ||
| 909 | |a Χ |b 118887 | ||
| 909 | |a Χ |b 118888 | ||
| 909 | |a Χ |b 118889 | ||
| 909 | |a Χ |b 118890 | ||
| 909 | |a Χ |b 118891 | ||
| 970 | |a Χαζίρη |b 'Αννα |z 2005/03/23 | ||